| 000 -LEADER |
| fixed length control field |
03739cam a2200397 a 4500 |
| 001 - CONTROL NUMBER |
| control field |
17210021 |
| 003 - CONTROL NUMBER IDENTIFIER |
| control field |
NUST |
| 005 - DATE AND TIME OF LATEST TRANSACTION |
| control field |
20170620121041.0 |
| 008 - FIXED-LENGTH DATA ELEMENTS--GENERAL INFORMATION |
| fixed length control field |
120314s2012 fluab b 001 0 eng |
| 010 ## - LIBRARY OF CONGRESS CONTROL NUMBER |
| LC control number |
2012003955 |
| 020 ## - INTERNATIONAL STANDARD BOOK NUMBER |
| International Standard Book Number |
9780415697194 (hardback) |
| 020 ## - INTERNATIONAL STANDARD BOOK NUMBER |
| International Standard Book Number |
0415697190 (hardback) |
| 040 ## - CATALOGING SOURCE |
| Original cataloging agency |
DLC |
| Transcribing agency |
DLC |
| Modifying agency |
DLC |
| 042 ## - AUTHENTICATION CODE |
| Authentication code |
pcc |
| 050 00 - LIBRARY OF CONGRESS CALL NUMBER |
| Classification number |
TD427.A77 |
| Item number |
M48 2012 |
| 082 00 - DEWEY DECIMAL CLASSIFICATION NUMBER |
| Classification number |
612.3926 SAN |
| Edition number |
23 |
| 084 ## - OTHER CLASSIFICATION NUMBER |
| Classification number |
MED096000 |
| -- |
SCI026000 |
| Number source |
bisacsh |
| 245 04 - TITLE STATEMENT |
| Title |
The metabolism of arsenite / |
| Statement of responsibility, etc. |
editors: Joanne M. Santini & Seamus A. Ward. |
| 250 ## - EDITION STATEMENT |
| Edition statement |
1st ed. |
| 260 ## - PUBLICATION, DISTRIBUTION, ETC. |
| Place of publication, distribution, etc. |
Boca Raton, FL : |
| Name of publisher, distributor, etc. |
CRC Press, |
| Date of publication, distribution, etc. |
2012. |
| 300 ## - PHYSICAL DESCRIPTION |
| Extent |
xxv, 189 p. : |
| Other physical details |
ill. (some col.), maps ; |
| Dimensions |
26 cm. |
| 490 0# - SERIES STATEMENT |
| Series statement |
Arsenic in the environment, |
| Volume/sequential designation |
1876-6218 ; |
| -- |
v. 5 |
| 500 ## - GENERAL NOTE |
| General note |
H.B |
| 504 ## - BIBLIOGRAPHY, ETC. NOTE |
| Bibliography, etc. note |
Includes bibliographical references and index. |
| 520 ## - SUMMARY, ETC. |
| Summary, etc. |
"Up to 200 million people in 70 countries are at risk from drinking water contaminated with arsenic, which is a major cause of chronic debilitating illnesses and fatal cancers. Until recently little was known about the mobility of arsenic, and how redox transformations determined its movement into or out of water supplies. Although human activities contribute to the release of arsenic from minerals, it is now clear that bacteria are responsible for most of the redox transformation of arsenic in the environment. Bacterial oxidation of arsenite (to the less mobile arsenate) has been known since 1918, but it was not until 2000 that a bacterium was shown to gain energy from this process. Since then a wide range of arsenite-oxidizing bacteria have been isolated, including aerobes and anaerobes; heterotrophs and autotrophs; thermophiles, mesophiles and psychrophiles. This book reviews recent advances in the study of such bacteria. After a section on background geology and health issues the main body of the book concerns the cellular machinery of arsenite oxidation. It concludes by examining possible applications. Topics treated are: The geology and cycling of arsenic Arsenic and disease Arsenite oxidation: physiology, enzymes, genes, and gene regulation. Community genomics and functioning, and the evolution of arsenite oxidation Microbial arsenite oxidation in bioremediation Biosensors for arsenic in drinking water and industrial effluents"-- |
| Assigning source |
Provided by publisher. |
| 520 ## - SUMMARY, ETC. |
| Summary, etc. |
"Arsenite contamination of drinking water is a major cause of chronic illness and mortality in many countries, but until recently little was known of the processes determining its movement and concentration. Bacterial oxidation of arsenite was first described in 1918 and thought to be a means of detoxification. It was not until 2000 that the first autotrophic arsenite-oxidising bacterium was isolated and shown to gain energy from arsenite oxidation. Since then a wide range of such bacteria has been isolated and the literature on the topic has grown rapidly. This book reviews the new understanding of the diversity and abundance of such organisms, their role in arsenic cycling in the environment and their possible relations with arsenic-dependent diseases in humans"-- |
| Assigning source |
Provided by publisher. |
| 650 #0 - SUBJECT ADDED ENTRY--TOPICAL TERM |
| Topical term or geographic name entry element |
Arsenic |
| General subdivision |
Metabolism. |
| 9 (RLIN) |
2880 |
| 650 #0 - SUBJECT ADDED ENTRY--TOPICAL TERM |
| Topical term or geographic name entry element |
Arsenic |
| General subdivision |
Environmental aspects. |
| 9 (RLIN) |
2881 |
| 650 #0 - SUBJECT ADDED ENTRY--TOPICAL TERM |
| Topical term or geographic name entry element |
Drinking water |
| General subdivision |
Arsenic content. |
| 9 (RLIN) |
2882 |
| 650 #0 - SUBJECT ADDED ENTRY--TOPICAL TERM |
| Topical term or geographic name entry element |
Arsenic in the body. |
| 9 (RLIN) |
2883 |
| 650 #0 - SUBJECT ADDED ENTRY--TOPICAL TERM |
| Topical term or geographic name entry element |
Arsenic cycle (Biogeochemistry) |
| 9 (RLIN) |
2884 |
| 650 #7 - SUBJECT ADDED ENTRY--TOPICAL TERM |
| Topical term or geographic name entry element |
MEDICAL / Toxicology. |
| Source of heading or term |
bisacsh |
| 9 (RLIN) |
2885 |
| 650 #7 - SUBJECT ADDED ENTRY--TOPICAL TERM |
| Topical term or geographic name entry element |
SCIENCE / Environmental Science. |
| Source of heading or term |
bisacsh |
| 9 (RLIN) |
2228 |
| 700 1# - ADDED ENTRY--PERSONAL NAME |
| Personal name |
Santini, Joanne M. |
| 9 (RLIN) |
2886 |
| 700 1# - ADDED ENTRY--PERSONAL NAME |
| Personal name |
Ward, Seamus A. |
| 9 (RLIN) |
2887 |
| 906 ## - LOCAL DATA ELEMENT F, LDF (RLIN) |
| a |
7 |
| b |
cbc |
| c |
orignew |
| d |
1 |
| e |
ecip |
| f |
20 |
| g |
y-gencatlg |
| 942 ## - ADDED ENTRY ELEMENTS (KOHA) |
| Source of classification or shelving scheme |
|
| Koha item type |
Book |
| Call number prefix |
IESE |